| 000 | 00827nam a22002297a 4500 | ||
|---|---|---|---|
| 999 |
_c8004 _d8004 |
||
| 003 | AR-CdUCM | ||
| 008 | 190322b ||||| |||| 00| 0 spa d | ||
| 040 |
_aMUNICIPALIDAD PROVINCIAL DEL CUSCO _cBIBLIOTECA MUNICIPAL DEL CUSCO |
||
| 082 |
_a541.2 / _bL26 |
||
| 100 |
_aLarsen, Egon _922608 |
||
| 245 | _aÁtomos y Energía Atómica / | ||
| 260 |
_aSalamanca : _bAnaya, _c1970. |
||
| 300 |
_a48 páginas ; _bilustraciones, figuras, _c21 cm. |
||
| 440 |
_aLa Ciencia al descubierto. _922609 |
||
| 505 | _aContenido: Ideas primitivas -- Los alquimistas -- Interviene la ciencia -- Las moléculas -- La radiación -- El átomo ... | ||
| 650 |
_aEnergía nuclear _919264 |
||
| 650 |
_aÁtomos _918683 |
||
| 650 |
_aLa radiación _922610 |
||
| 700 |
_aLodge, Bernard (ilustración) _922611 |
||
| 942 |
_2ddc _cLIBROS |
||
| 945 | _aachl | ||